Score 0/31 Timer 06:00
0 Plays Today
Characters Show % Correct
Uchiha Sasuke, Haruno Sakura, Hatake KakashiNaruto
91%
Kurosaki Ichigo, Kuchiki Rukia, Inoue OrihimeBleach
90.6%
Goku, Gohan, VegetaDragon Ball Z
89.8%
Edward Elric, Alphonse Elric, Winry RockbellFull Metal Alchemist
89.8%
Monkey D. Luffy, Roronoa Zoro, NamiOne Piece
89.6%
Kira, L, Misa AmaneDeath Note
89.2%
Lelouch Lamperouge, Suzaku Kururugi, Nunnally LamperougeCode Geass
78.2%
Aang, Katara, Zuko **Avatar: The Last Airbender
71%
Spike Spiegel, Faye Valentine, EdwardCowboy Bebop
64.6%
Higurashi Kagome, Kikyo, SesshomaruInuYasha
61.9%
Alucard, Alexander Anderson, Seras VictoriaHellsing
61.1%
Vash the Stampede, Rem Saverem, Millions KnivesTrigun
58.5%
Rei Hino (Raye), Ami Mizuno (Amy), Tuxedo MaskSailor Moon
54.3%
Anzu Mazaki (Tea Gardner), Katsuya Jonouchi (Joey Wheeler), Seto KaibaYu-gi-oh
53.7%
Shinji Ikari, Rei Ayanami, Asuka Langley SoryuNeon Genesis Evangelion
50.2%
Yusuke Urameshi, Kazuma Kuwabara, Yoko KuramaYuYu Hakusho
43.7%
Characters Show % Correct
Mugen, Jin, Kasumi FuuSamurai Champloo
38.2%
Gon Freecss, Killua Zoldyck, KurapikaHunter x Hunter
36.3%
Guts, Griffith, CascaBerserk
35.1%
Sagara Sanosuke, Kamiya Kaoru, Saitō HajimeRurouni Kenshin
30.2%
Jimmy Kudo, Rachel Moore, Richard MooreCase Closed
28%
Yoh Asakura, Amidamaru, Kyouyama AnnaShaman King
28%
Clare, Raki, Phantom MiriaClaymore
26.8%
Kiba, Tsume, ToboeWolf's Rain
25%
Haruko Haruhara, Naota Nandaba, Samejima MamimiFLCL
18.9%
Domon Kasshu, Chibodee Crocket, George de SandG Gundam
15.4%
Teito Klein, Frau, Mikage07-Ghost
12.7%
Ryoko Hakubi, Ayeka Masaki Jurai, Sasami Masaki JuraiTenchi Muyo!
10.6%
Kiyo Takamine, Tia and Megumi Oumi, Brago and Sherry BelmontZatch Bell
9%
Mamoru Takamura, Masaru Aoki, Tatsuya KimuraHajime no Ippo
8.3%
Kazuma, Ryuhou Tairen, Straight Cougars-Cry-ed
7.1%

You're not logged in!

Compare scores with friends on all Sporcle quizzes.
OR
Log In

Sporcle TV

Today on Sporcle TV


Watch our educational content, quiz creation guides, and fun videos on Sporcle TV.

Show Comments

Extras

Top Quizzes Today


Score Distribution

Paid Content

Your Account Isn't Verified!

In order to create a playlist on Sporcle, you need to verify the email address you used during registration. Go to your Sporcle Settings to finish the process.

Report this User

Report this user for behavior that violates our Community Guidelines.

Details: